000 00670nam a2200217 i 4500
001 164705
003 ES-MaACL
005 20230906213002.0
008 170627s1906 fr a |||| | fre d
100 1 _aGuiraud, Paul.
_960892
245 1 0 _aHistoire grecque
_b: la vie privée et la vie publique des grecs /
_cPaul Guiraud.
250 _a4e édition, revue.
260 _aParis :
_bHachette,
_c1906.
300 _aXI, 570 p. ;
_c18 cm.
490 1 _aLectures historiques
651 4 _aGrecia-
_xHistoria.
_98777
651 4 _aGrecia-
_xUsos y costumbres.
_98786
830 0 _aLectures historiques
_9187766
852 _aES-MaACL
_jB-2696
999 _c164705
_d164705